Fascismo y capitalismo (Record no. 31425)

MARC details
000 -LEADER
campo de control de longitud fija 00882nam a2200229 i 4500
001 - NÚMERO DE CONTROL
campo de control 31425
003 - IDENTIFICADOR DE NÚMERO DE CONTROL
campo de control ES-MaACL
005 - FECHA Y HORA DE LA ÚLTIMA TRANSACCIÓN
campo de control 20251204171147.0
007 - CAMPO FIJO DE DESCRIPCIÓN FÍSICA--INFORMACIÓN GENERAL
campo de control de longitud fija t|
008 - DATOS DE LONGITUD FIJA--INFORMACIÓN GENERAL
campo de control de longitud fija 030129s1972 sp ||||1| spa d
100 1# - ENTRADA PRINCIPAL--NOMBRE DE PERSONA
Nombre de persona Bauer, Otto.
9 (RLIN) 26560
245 10 - MENCIÓN DEL TÍTULO
Título Fascismo y capitalismo
Resto del título : teoría sobre los orígenes sociales y la función del fascismo /
Mención de responsabilidad, etc. Otto Bauer, Herbert Marcuse, Arthur Rosenberg ; selección de Wolfgang Abendroth ; introducción de Kurt Kliem ; [traducción de José A. Bravo].
260 ## - PUBLICACIÓN, DISTRIBUCIÓN, ETC.
Lugar de publicación, distribución, etc. Barcelona :
Nombre del editor, distribuidor, etc. Martínez Roca,
Fecha de publicación, distribución, etc. [1972]
300 ## - DESCRIPCIÓN FÍSICA
Extensión 193 p. ;
Dimensiones 20 cm.
700 0# - ENTRADA AGREGADA--NOMBRE PERSONAL
Nombre de persona Marcuse, Herbert,
Fechas asociadas al nombre 1898-1979
9 (RLIN) 76559
700 1# - ENTRADA AGREGADA--NOMBRE PERSONAL
Nombre de persona Rosenberg, Arthur.
9 (RLIN) 99721
700 1# - ENTRADA AGREGADA--NOMBRE PERSONAL
Nombre de persona Abendroth, Wolfgang,
9 (RLIN) 18084
700 1# - ENTRADA AGREGADA--NOMBRE PERSONAL
Nombre de persona Kliem, Kurt.
9 (RLIN) 68255
700 ## - ENTRADA AGREGADA--NOMBRE PERSONAL
Nombre de persona Bravo, José Antonio
9 (RLIN) 198639
852 ## - LOCALIZACIÓN
Ubicación ES-MaACL
Número de control de estantería C-43188
Sublocalización o colección R.82187
Holdings
Estatus retirado Estado de pérdida Estado de daño No para préstamo Biblioteca de origen Biblioteca actual Ubicación en estantería Fecha de adquisición Fuente de adquisición Total de préstamos Signatura topográfica completa Código de barras Visto por última vez Precio de reemplazo Tipo de ítem Koha
        Biblioteca del Ateneo de Madrid Biblioteca del Ateneo de Madrid Depósito 2 17/01/2008     C-43188 1032473 23/02/2023 23/02/2023 Libro impreso